000
00219nam a22000857a 4500
008
161116b xxu||||| |||| 00| 0 eng d
100
_9
1237
_a
BPI India
245
_a
My Good Friend Kajaki
260
_a
New Delhi
_b
BPI India
_c
2011
999
_c
3942
_d
3942